01224nac a22003011i 4500003000900000005001700009008004100026020001500067040004300082082001900125100004400144245014800188264007600336300002900412336002600441337002800467338002700495490004200522504005200564650002300616650003700639650003300676655001700709700005100726942001200777999001500789952011800804EG-ScBUE20240916090214.0240916s1988 enk f b 001 0 eng d a0201142147 aEG-ScBUEbengerdacEG-ScBUEdEG-ScBUE04a511.8bSOM2221 aSommerhalder, R., eauthor.14aThe theory of computability :bprograms, machines, effectiveness, and feasibility /cR. Sommerhalder, S.C. van Westrhenen, University of Delft. 1aWokingham, England ;aReading, Mass. :bAddison-Wesley Pub. Co.,c1988. axii, 441 pages ;c23 cm. 2rdacontentatextbtxt aunmediated2rdamediabn avolumebnc2rdacarrier0 aInternational computer science series aIncludes bibliographical references and index.  7aAlgorithms.2BUEsh 7aComputational complexity.2BUEsh 7aComputable functions.2BUEsh vReading book1 aWestrhenen, S. Christiaan van,d1928-eauthor. cBB2ddc c7297d7297 00102ddc40708AlahramaMAINbMAINc1STd2008-01-20ePurchasel0o511.8 SOMp000030215r2025-07-15 00:00:00yBB